| 000 | 00421nam a2200157Ia 4500 | ||
|---|---|---|---|
| 008 | 240126s9999 xx 000 0 und d | ||
| 022 | _a0976-6561 | ||
| 041 | _aEnglish | ||
| 082 | _aLIBRARY-VII | ||
| 245 | 0 | _aICTACT Journal on Soft Computing (2016 - | |
| 260 |
_bICTACT _aChennai |
||
| 440 | _aNULL | ||
| 650 | _aICTACT,Soft,Computing, (201, -,Information Science | ||
| 650 | _aInformation Science | ||
| 942 | _cJN | ||
| 999 |
_c277618 _d277618 |
||